|
|
|
|
| LEADER |
00793nab a2200229 i 4500 |
| 001 |
misc63895 |
| 005 |
20241011123723.0 |
| 008 |
221122s1971 hu o 000 rus d |
| 040 |
|
|
|a SZTE Miscellanea Repozitórium
|b hun
|
| 041 |
|
|
|a rus
|
| 100 |
1 |
|
|a Nasilov Vladimir Mihajlovič
|
| 245 |
1 |
0 |
|a Âzyk srednevekovyh tûrkskih pamâtnikov ujgurskogo pis'ma
|h [elektronikus dokumentum] /
|c Nasilov Vladimir Mihajlovič
|
| 260 |
|
|
|c 1971
|
| 300 |
|
|
|a 104-110
|c 26 cm
|
| 300 |
|
|
|a [7] p.
|c 26 cm
|
| 490 |
0 |
|
|a Voprosy âzykoznaniâ
|
| 561 |
|
|
|a Németh Gyula hagyaték
|
| 591 |
|
|
|a NOA 4019; NOA 4018
|
| 650 |
|
4 |
|a Bölcsészettudományok
|
| 650 |
|
4 |
|a Nyelvek és irodalom
|
| 695 |
|
|
|a Török nyelv, Ujgur nyelv
|
| 856 |
4 |
0 |
|u http://misc.bibl.u-szeged.hu/63895/1/4018_noa.pdf
|z Dokumentum-elérés
|